00560 2200193 4500001002100000005001500021035002000036007000300056008004100059020002200100082001000122084001600132100001700148245009400165250001200259260003600271300003300307650002600340INLIS00000000000198420260128090245 a0010-0126000026ta260128 g 0 ind  a978-602-62104-8-7 a155.2 a155.2 YOG e0 aYoga Pratama1 a60 DETIK LANGSUNG BISA MEMBACA PIKIRAN, KARAKTER & KEPRIBADIAN ORANG LAIN /cYoga Pratama aCet. 20 aYogyakarta :bReal Books,c2025 aviii + 260 hlm ;c13 x 19 cm aPsikologi Kepribadian